000 00293nam a2200109Ia 4500
008 201217s9999 xx 000 0 und d
100 _aMartin, James
245 0 _aInformation Engineering : Planning and Analysis ( Book II )
260 _aNew Jersey
_bPrentice-Hall
300 _a497
942 _cBK
999 _c8147
_d8147